| 000 | 01553cam a2200241 4500 | ||
|---|---|---|---|
| 001 | ABS67744 | ||
| 008 | 040507n2004 000 0 eng u | ||
| 035 | _a(Sirsi) u126139 | ||
| 100 | _aBrewer, G. | ||
| 245 | _aAll-risks insurance | ||
| 260 | _c2004 | ||
| 490 |
_aContract Journal _v422(6468) 24 March 2004, 26(1) |
||
| 520 | _aIn "Amec Civil Engineering Ltd v Norwich Union Fire Insurance Society Ltd" ([2003] EWHC 1341 (TCC), unreported), Amec (A) undertook land reclamation work on behalf of the States of Jersey (J). Part of the work involved construction of a curved sea defence wall, comprised of substantial reinforced concrete blocks. The visual appearance of the blocks was important as it was to be used as a seat and (J) insisted asbestos spacer blocks were not used in its construction as they would be visible. A used reinforced concrete spacer blocks, but during construction of the wall rust stains appeared, indicating the reinforcement was too near the surface of some of the blocks. A agreed to replace the affected blocks. A claimed against Norwich Union (N) on its all-risks insurance. N argued the policy covered loss or physical damage to A's property, whereas the blocks were just badly built. A's claim was dismissed. | ||
| 590 | _aABS | ||
| 590 | _aABS | ||
| 650 | _aALL RISK INSURANCE | ||
| 650 | _aAMEC CIVIL ENGINEERING LTD V NORWICH UNION FIRE INSURANCE SOCIETY LTD | ||
| 650 | _aREINFORCED CONCRETE | ||
| 650 | _aCONCRETE BLOCKS | ||
| 650 | _aSEA DEFENCES | ||
| 690 | _aINSURANCE-CASE LAW | ||
| 942 | _n0 | ||
| 999 |
_c117322 _d117322 |
||